Statistics for Cities Hosting an English Football Team

Click here to take the quiz!

General Stats

  • This quiz has been taken 239 times
    (211 since last reset)
  • The average score is 41 of 69

Answer Stats

Answer% Correct
Manchester
99%
London
98%
Birmingham
94%
Liverpool
94%
Newcastle
91%
Cardiff
90%
Southampton
87%
Swansea
87%
Leeds
86%
Sunderland
85%
Brighton and Hove
83%
Leicester
83%
Norwich
82%
Portsmouth
80%
Sheffield
80%
Nottingham
79%
Derby
78%
Stoke-on-Trent
78%
Bristol
76%
Hull
76%
Plymouth
72%
Bournemouth
71%
Blackpool
70%
Ipswich
70%
Wolverhampton
70%
Bradford
67%
Watford
67%
Burnley
66%
Huddersfield
66%
Oxford
66%
Reading
66%
Blackburn
65%
Coventry
64%
Cambridge
60%
Preston
60%
Lincoln
58%
Carlisle
57%
Luton
57%
Exeter
56%
Barnsley
53%
Peterborough
53%
Northampton
50%
Swindon
49%
Doncaster
46%
Newport
46%
Colchester
44%
West Bromwich
43%
Gillingham
42%
Grimsby
42%
Mansfield
42%
Southend
42%
Yeovil
40%
Cheltenham
38%
Rotherham
38%
Accrington
37%
Crewe
37%
Milton Keynes
37%
Fleetwood
35%
High Wycombe
35%
Burton upon Trent
34%
Scunthorpe
31%
Shrewsbury
31%
Morecambe
30%
Stevenage
30%
Walsall
29%
Crawley
28%
Chesterfield
27%
Middlesborough
26%
Nailsworth
6%

Score Distribution

Percentile by Number Answered

Percent of People with Each Score

Your Score History

You have not taken this quiz since the last reset